00745nam a2200181 a 450000100100000000500170001000800410002704000250006808200150009311001130010824500430022126001050026430000170036950000380038604900090042495201130043399900170054600002962320200930055702.0110419s1983 000 spa d aDO-SdBNPbspacBNPHU axxxxbR4261 aRepública Dominicana .bSecretariado Técnico de la PresidenciabOficina Nacional de Estadística91086610aRepública Dominicana en cifras 1983. aSanto Domingo :bSecretariado Técnico de la Presidencia, Oficina Nacional de Estadística,c1983. av. ;c19 cm. aLa biblioteca posee el volumen 10 aBNPD 001050718MOaPDbPDcCTd2011-04-19iLF1l0oxxxx R426p29623-10r2020-06-25w2020-06-25y1ZNo se presta c29115d29115